000 00793nam a2200265Ia 4500
003 OSt
005 20220928113639.0
006 a|||||r|||| 00| 0
007 ta
008 220927b |||||||| |||| 00| 0 eng d
020 _cINR 175.00
024 _a133182
037 _b0272, 08/03/2017, Bookwell Publications
_cTextual
040 _aSDCL
_cSDCL
_beng
041 _2eng
_aeng
082 _aO-,3, Q3 LR
100 _aDatta Durjoy
245 0 _aOh yes, I'm single ! and so is my girlfriend
260 _aGurgaon
_bPenguin
_c2013
300 _avii,245p.
_ccm.
650 _aReference
700 _a Rustagi Neeti
_9434193
942 _hO-,3, Q3 LR
_cTEXL
_2CC
999 _c750563
_d750563